banner-ar

الاخبار الطوال / (Record no. 27990)

MARC details
000 -الفاتح
حقل البيانات ثابتة الطول 00876nam a2200229Ia 4500
005 - وقت وتاريخ اخر تعامل مع التسجيلة
رقم الضبط 20240530101827.0
008 - عناصر البيانات ثابتة الطول - معلومات عامة
حقل البيانات ثابتة الطول 140319s9999 xx 000 0 ara d
040 ## - مصدر الفهرسة
وكالة الفهرسة الأصلية GCL /
وكالة النسخ GCL
082 04 - رقم تصنيف ديوى العشرى
رقم التصنيف 953/
رقم المادة د أ
100 1# - المدخل الرئيسى - إسم شخصى
الإسم الشخصى الدينورى, ابوحنيفة احمد بن داو
245 10 - بيان العنوان
العنوان الاخبار الطوال /
بيان المسئوليه,etc تاليف ابوحنيفة احمد بن داود الدينورى ؛ تحقيق عبدالمنعم عامر ؛ مراجعة جمال الدين الشيال
260 ## - PUBLICATION, DISTRIBUTION, ETC. (IMPRINT)
تاريخ النشر أو التوزيع [199-].
300 ## - الوصف المادى
التعداد 467 ص
490 ## - بيان السلسلة
عنوان السلسلة تراثنا
رقم المجلد/ التعيين التسلسلي 0
650 04 - المدخل الاضافى بالموضوع-مصطلح موضوعى
مصطلح موضوعي الفتوحات الاسلامية
650 04 - المدخل الاضافى بالموضوع-مصطلح موضوعى
مصطلح موضوعي التاريخ الاسلامى
650 04 - المدخل الاضافى بالموضوع-مصطلح موضوعى
مصطلح موضوعي الاسلام والسياسة
700 1# - المدخل الاضافى - اسم شخصى
الإسم الشخصى جمال الدين الشيال
700 1# - المدخل الاضافى - اسم شخصى
الإسم الشخصى عبدالمنعم عامر
942 ## - عناصر المدخل الإضافي( كوها)
مصدر التصنيف او مخطط الترفيف Dewey Decimal Classification
Koha [default] item type كتاب
260 ## - PUBLICATION, DISTRIBUTION, ETC. (IMPRINT)
-- العراق :
-- مكتبة المثنى،
Holdings
حالة التراجع حالة الفقد حالة تلف ليس للاعارة المكان المؤقت الموقع الحالى تاريخ الاكتساب اجمالي اﻻعارات رقم الطلب الباركود تاريخ اخر مشاهدة تاريخ تفعيل السعر نوع وعاء كوها
        مكتبة القاهرة الكبرى مكتبة القاهرة الكبرى 03/26/2014   953/د أ 63890 03/26/2014 03/26/2014 كتاب
        مكتبة القاهرة الكبرى مكتبة القاهرة الكبرى 03/26/2014   953/د أ 63891 03/26/2014 03/26/2014 كتاب

Powered By

EGPV